Proceedings (Record no. 695081)

MARC details
000 -LEADER
fixed length control field 00798nam a2200253Ia 4500
003 - CONTROL NUMBER IDENTIFIER
control field OSt
005 - DATE AND TIME OF LATEST TRANSACTION
control field 20220927105902.0
008 - FIXED-LENGTH DATA ELEMENTS--GENERAL INFORMATION
fixed length control field 220926b |||||||| |||| 00| 0 eng d
037 ## - SOURCE OF ACQUISITION
Terms of availability Reference Collections
040 ## - CATALOGING SOURCE
Original cataloging agency RTL
Transcribing agency RTL
Language of cataloging eng
041 ## - LANGUAGE CODE
Source of code eng
Language code of text/sound track or separate title eng
111 ## - MAIN ENTRY--MEETING NAME
Meeting name or jurisdiction name as entry element Seminar on national capital region (1975 : New Delhi)
9 (RLIN) 375566
245 #0 - TITLE STATEMENT
Title Proceedings
Remainder of title N C R official summary and background
260 ## - PUBLICATION, DISTRIBUTION, ETC.
Place of publication, distribution, etc. New
Name of publisher, distributor, etc. Delhi P H D C I India
Date of publication, distribution, etc. 1976
300 ## - PHYSICAL DESCRIPTION
Extent various Paginations
Dimensions cm.
500 ## - GENERAL NOTE
General note Punjab Haryana and Delhi chamber of commerce and industrry
650 ## - SUBJECT ADDED ENTRY--TOPICAL TERM
Topical term or geographic name entry element Regional Economics
942 ## - ADDED ENTRY ELEMENTS (KOHA)
Classification part "X:89K33.2N7, L6"
Koha item type
Holdings
Withdrawn status Lost status Damaged status Not for loan Home library Current library Date acquired Total Checkouts Full call number Barcode Date last seen Price effective from Koha item type
        Ratan Tata Library Ratan Tata Library 2022-09-27   "X:89K33.2N7 L6" RT0491950 2022-09-27 2022-09-27  
Copyright @ Delhi University Library System